Quizzes
Events
Quiz Creation
Community
Videos
Private Events
Remove Ads
Sign In
Join for FREE
Feedback
Dark Mode
Quiz Categories
Sports
Geography
Music
Movies
Television
Just For Fun
Miscellaneous
History
Literature
Language
Science
Gaming
Entertainment
Religion
Holiday
For Kids
Quiz Lab
Recent
Popular Today
Quiz Kudos Today
Editor Picks
Curator Picks
Quizzes by...
Day
Popularity
Type
Ratings
Length
Year
Community
Subscriptions
Recent Discussions
Orange Saloon
Badges
Playlists
Quests
Create
Leaderboards
Showdown
Live 5
Trivia Bingo
Activity
Puzzle Library
Sporcle Events
Private Events
Virtual Trivia
Globe League
Become a Host
Pub Owners
SporcleCon
Opinionation
Our Games
Videos
Blog
Mobile Apps
Partnerships
Remove Ads and Go Orange
Feedback
Science
Computer
Plants
Astronomy
Chemistry
Elements
Math
Animal
Physics
Anatomy
Biology
Geology
General Science
Science
Computer
Plants
Astronomy
Chemistry
Elements
Math
Animal
Physics
Anatomy
Biology
Geology
General Science
Random Quiz
Search Sporcle
×
Quiz Lab
Quiz Lab
Science
Letter
Type in answers that appear in a list
Type in answers that appear in a list
Classic
Best Score? Go Orange.
Fly Time requirements for Day and Night Stats
Can you name the Fly Time requirements for Day and Night?
By
PILOTNATE
7m
18 Questions
7 Plays
7 Plays
7 Plays
Comments
Comments
Give Quiz Kudos
Give Quiz Kudos
-
- Ratings
hide this ad
Replay
Link that replays current quiz
Next Quiz
Link to next quiz in quiz playlist
You Got
0%
They Got
Avg Score
86%
Avg Friend Score
Upgrade to see
Score Distribution
Jump to the score distribution portion of the page
Score
0/18
Timer
07:00
0
Plays Today
Letters
Words
% Correct
A
Anti Collision
100%
T
Tach
85.7%
O
Oil Pressure
85.7%
M
Manifold
85.7%
A
Altimeter
85.7%
T
Temperature
85.7%
O
Oil Temperature
85.7%
F
Fuel
85.7%
L
Landing gear position
85.7%
Letters
Words
% Correct
A
Attitude indicator
85.7%
M
Magnetic compass
85.7%
E
Elt
85.7%
S
Seat belts
85.7%
F
Fuses
85.7%
A
Anti collision lights
85.7%
L
Landing Light
85.7%
P
Position lights
85.7%
S
Source of electrical power
85.7%
Quiz Playlist
Details
Report
Send in Message
Add To Playlist
Classic:
Type in answers that appear in a list
Last Updated: Feb 16, 2017
Quiz Scoreboard
CHALLENGE
Sign Up to Join the Scoreboard
Show All
Scores
Hide
Comments
May contain spoilers
Recently Published
Alphabetical 'K' Countries by Flag Minefield
by ylime102
Geography
3m
Pick 6: Fruits
by JohnFran
Miscellaneous
15s
Click the 1999 NBA Draft
by nibperrychub
Sports
2m
More to Explore
Quiz From the Vault
Featured Blog Post
15 Basketball Trivia Facts You Can Be March Mad About
hide this ad
You Might Also Like...
Tags
Letter Quiz
Fly
night
Requirement
Today's Top Quizzes in Science
Browse Science
hide this ad
Today's Top Quizzes in Letter
Browse Letter
Top Contributed Quizzes in Science
1
Pick 6: Animals
2
Group Clicking: Animals II
3
Find the Spring Animals
4
The First 100 Digits of Pi
5
Square Numbers Scrambled (1-50)
6
Flowers by Accent Chairs
7
Why is the sky blue? And other physics questions.
8
Needlepoint Flowers
9
Needlepoint Flowers II
10
Cubes 1-10
Explore More
Trending Topics
Crossword
Harry Potter
Anime
NBA
Disney
Kpop
Marvel
Soccer
NFL
WWE
Pokémon
Song
Puzzle
The Office
Country
hide this ad
More By:
PILOTNATE
Quiz
Plays
Rating
Category
Featured
Created
Name the States that have ALL 4 Major Pro Sport Teams
653
5.00
Sports
Apr 15, 2012
The Dog and Cat team names in the Big 4 Pro Sports
513
3.17
Sports
Oct 11, 2012
ALL 4 Major Pro Sport Teams by Divison
442
4.00
Sports
Mar 29, 2012
Did the 2012 NBA Champs Miami Heat win that game?
368
2.00
Sports
Jul 2, 2012
NAME ALL 5 DISTURBED ALBUMS
325
2.25
Music
Jul 21, 2010
Go to Creator's Profile
Score Distribution
Quiz Creator Spotlight
PILOTNATE
Follow
Send a Message
Quizzes Created
-
Created Quiz Play Count
-
More By This Creator
Popular Quizzes Today
1
Countries of Asia Without Outlines Minefield
2
Find the US States - No Outlines Minefield
3
Pick 6: Fruits
4
Alphabetical 'K' Countries by Flag Minefield
5
The Countries of the World
6
Find the US States
7
US States
8
Match the Book to the Film X
More Science Quizzes
Over the Counter Medicines by Active Ingredients
Editor's Pick
Trending Quizzes
Pick 6: Harry Potter
Pick 6: Mountains
Pick 6: NFL Teams
Pick 6: Flags
Pick 6: Movie Franchises
Recently Updated
NWSL Teams
pecheneg
Women's Final Four Teams by Year
bhenderson79
Presidents Quartet II
eogle
Anything But Clue(do)
eogle
Anything But Oceanian Capitals
eogle
Anything But 7
eogle
Anything But Thing
eogle
Word Ladder: February 29
pecheneg
Song Title Questions
pecheneg
Women's NCAA Tournament #1 Seeds
pecheneg
Trending Topics
NBA
Kpop
Crossword
Harry Potter
Anime
Disney
Marvel
WWE
Pokémon
The Office
Soccer
NFL
Puzzle
Country
Song
Your Account Isn't Verified!
In order to create a playlist on Sporcle, you need to verify the email address you used during registration. Go to your
Sporcle Settings
to finish the process.
Report this User
Report this user for behavior that violates our
Community Guidelines
.
Details:
Send Report
Go to the Sporcle.com Mobile Site →
Comments